Reptiles and amphibians of East Africa / (Record no. 14471)

MARC details
000 -LEADER
fixed length control field 00844nam a2200265 a 4500
001 - CONTROL NUMBER
control field 2367227
005 - DATE AND TIME OF LATEST TRANSACTION
control field 20170726093012.0
007 - PHYSICAL DESCRIPTION FIXED FIELD--GENERAL INFORMATION
fixed length control field 000
008 - FIXED-LENGTH DATA ELEMENTS--GENERAL INFORMATION
fixed length control field 000
010 ## - LIBRARY OF CONGRESS CONTROL NUMBER
LC control number 83980811
040 ## - CATALOGING SOURCE
Original cataloging agency UOEL
Transcribing agency DLC
Modifying agency DLC
043 ## - GEOGRAPHIC AREA CODE
Geographic area code fe-----
050 00 - LIBRARY OF CONGRESS CALL NUMBER
Classification number QL662.E2
Item number H43 1983
082 00 - DEWEY DECIMAL CLASSIFICATION NUMBER
Classification number 597.6/09676
Edition number 19
100 1# - MAIN ENTRY--PERSONAL NAME
Personal name Hedges, Norman G.
Fuller form of name (Norman Graham)
245 10 - TITLE STATEMENT
Title Reptiles and amphibians of East Africa /
Statement of responsibility, etc Norman G. Hedges ; photographs and line drawings by the author.
260 ## - PUBLICATION, DISTRIBUTION, ETC. (IMPRINT)
Place of publication, distribution, etc Nairobi :
Name of publisher, distributor, etc Kenya Literature Bureau,
Date of publication, distribution, etc 1983.
300 ## - PHYSICAL DESCRIPTION
Extent ix, 139 p. :
Other physical details ill. (some col.) ;
Dimensions 22 cm.
500 ## - GENERAL NOTE
General note Includes indexes.
504 ## - BIBLIOGRAPHY, ETC. NOTE
Bibliography, etc Bibliography: p. 133.
650 #0 - SUBJECT ADDED ENTRY--TOPICAL TERM
Topical term or geographic name as entry element Reptiles
Geographic subdivision Africa, East
General subdivision Identification.
Topical term or geographic name as entry element Amphibians
Geographic subdivision Africa, East
General subdivision Identification.
906 ## - LOCAL DATA ELEMENT F, LDF (RLIN)
a 7
b cbc
c orignew
d 3
e ncip
f 19
g y-gencatlg
942 ## - ADDED ENTRY ELEMENTS (KOHA)
Source of classification or shelving scheme Library of Congress Classification
Item type SES Book
Holdings
Withdrawn status Lost status Source of classification or shelving scheme Damaged status Not for loan Home library Current library Shelving location Date acquired Total Checkouts Full call number Date last seen Price effective from Koha item type
    Library of Congress Classification     UOE Main Library UOE Main Library Open shelf 26/07/2017   QL662.E2 H43 1983 27/04/2026 26/07/2017 SES Book